[Event "Milan Vidmar mem 14th"]
[Site "Portoroz "]
[Date "2001.07.03"]
[Round "1"]
[White "Kozul, Zdenko"]
[Black "Macieja, Bartlomiej"]
[Result "1-0"]
[WhiteElo "2556"]
[BlackElo "2588"]
[PlyCount "69"]
[EventDate "2001.07.03"]

1. d4 Nf6 2. c4 e6 3. Nf3 Bb4+ 4. Nbd2 b6 5. a3 Bxd2+ 6. Qxd2 Bb7 7. e3 O-O 8.
Bd3 c5 9. dxc5 bxc5 10. b4 d5 11. Bb2 Nbd7 12. cxd5 Bxd5 13. O-O a5 14. bxa5 c4
15. Be2 Nc5 16. Qc2 Nce4 17. Rfc1 Rc8 18. Bxf6 Qxf6 19. Rab1 g5 20. Bf1 g4 21.
Nd4 Rc5 22. Rb5 Rxb5 23. Nxb5 Ra8 24. a4 h5 25. Rb1 Rxa5 26. Bxc4 Bxc4 27. Qxe4
Rxa4 28. Nd6 Bb3 29. Qd3 Ra3 30. Ne4 Qf5 31. Rc1 Ra8 32. Qd4 Ra4 33. Rc8+ Kh7
34. Rh8+ Kg6 35. Rg8+ 1-0

[Event "Milan Vidmar mem 14th"]
[Site "Portoroz "]
[Date "2001.07.04"]
[Round "2"]
[White "Crisan, Alexandru"]
[Black "Beliavsky, Alexander G"]
[Result "0-1"]
[WhiteElo "2635"]
[BlackElo "2659"]
[PlyCount "116"]
[EventDate "2001.07.03"]

1. d4 Nf6 2. c4 g6 3. Nc3 Bg7 4. e4 d6 5. Nf3 O-O 6. Be2 e5 7. Be3 Ng4 8. Bg5
f6 9. Bh4 Qd7 10. h3 Nh6 11. dxe5 dxe5 12. Qd5+ Qf7 13. Qxf7+ Rxf7 14. O-O-O
Nc6 15. Nd5 Kh8 16. g4 Ng8 17. Kb1 Be6 18. Bg3 Re8 19. Rhe1 Bc8 20. Bd3 Nd8 21.
Bc2 Ne6 22. a3 c6 23. Nc3 Bf8 24. Ne2 g5 25. Rd2 Nf4 26. Bxf4 gxf4 27. Nc3 h5
28. Rg1 Rh7 29. Rdd1 Be6 30. Bd3 Bc5 31. Rg2 Rd8 32. Kc2 hxg4 33. hxg4 Rh3 34.
Be2 Rxd1 35. Nxd1 Kg7 36. b4 Be7 37. Nc3 Nh6 38. Ng1 Rh1 39. Kd3 Nf7 40. f3 Nd6
41. c5 Nc4 42. Nd1 Nxa3 43. Nf2 Rh8 44. Kc3 a5 45. Bd3 b6 46. bxa5 bxc5 47. g5
fxg5 48. Ng4 c4 49. Bf1 Rb8 50. Rb2 Nb5+ 51. Kc2 c3 52. Rxb5 cxb5 53. Kxc3 Ba3
54. Bd3 b4+ 55. Kd2 b3 56. Nxe5 b2 57. Bb1 Bb4+ 58. Kc2 Rc8+ 0-1

[Event "Milan Vidmar mem 14th"]
[Site "Portoroz "]
[Date "2001.07.04"]
[Round "2"]
[White "Pavasovic, Dusko"]
[Black "Mohr, Georg"]
[Result "1/2-1/2"]
[WhiteElo "2539"]
[BlackElo "2484"]
[PlyCount "34"]
[EventDate "2001.07.03"]

1. e4 c5 2. Nf3 d6 3. c3 Nf6 4. Be2 Bd7 5. d3 Bc6 6. Nbd2 Nbd7 7. O-O g6 8. Re1
Bg7 9. Bf1 Ne5 10. d4 Nxf3+ 11. Qxf3 cxd4 12. cxd4 O-O 13. Qd3 a6 14. a4 b5 15.
axb5 Bxb5 16. Qf3 Rc8 17. Bxb5 axb5 1/2-1/2

[Event "Milan Vidmar mem 14th"]
[Site "Portoroz "]
[Date "2001.07.04"]
[Round "2"]
[White "Gelfand, Boris"]
[Black "Mikhalchishin, Adrian"]
[Result "1/2-1/2"]
[WhiteElo "2704"]
[BlackElo "2518"]
[PlyCount "41"]
[EventDate "2001.07.03"]

1. d4 Nf6 2. c4 g6 3. Nc3 d5 4. cxd5 Nxd5 5. e4 Nxc3 6. bxc3 Bg7 7. Nf3 c5 8.
Rb1 O-O 9. Be2 b6 10. O-O Bb7 11. d5 Bxc3 12. Bc4 Bg7 13. Bf4 Ba6 14. Qe2 Qc8
15. e5 Bxc4 16. Qxc4 e6 17. d6 Nc6 18. Rbd1 Qd7 19. Rfe1 Rae8 20. Bg5 f6 21.
exf6 1/2-1/2

[Event "Milan Vidmar mem 14th"]
[Site "Portoroz "]
[Date "2001.07.04"]
[Round "2"]
[White "Macieja, Bartlomiej"]
[Black "Sermek, Drazen"]
[Result "1/2-1/2"]
[WhiteElo "2588"]
[BlackElo "2570"]
[PlyCount "34"]
[EventDate "2001.07.03"]

1. e4 e5 2. Nf3 Nc6 3. d4 exd4 4. Nxd4 Nf6 5. Nxc6 bxc6 6. e5 Qe7 7. Qe2 Nd5 8.
c4 Nb6 9. Nc3 Ba6 10. Qe4 Qe6 11. b3 O-O-O 12. Bb2 Re8 13. c5 Bxf1 14. cxb6 d5
15. bxa7 Kb7 16. Qf3 Ba6 17. O-O-O Qh6+ 1/2-1/2

[Event "Milan Vidmar mem 14th"]
[Site "Portoroz "]
[Date "2001.07.04"]
[Round "2"]
[White "Volokitin, Andrei"]
[Black "Kozul, Zdenko"]
[Result "1-0"]
[WhiteElo "2551"]
[BlackElo "2556"]
[PlyCount "39"]
[EventDate "2001.07.03"]

1. e4 c5 2. Nf3 Nc6 3. Nc3 e5 4. Bc4 d6 5. d3 Be7 6. O-O Be6 7. Nd5 Nf6 8. Ng5
Bxd5 9. exd5 Nb8 10. f4 exf4 11. Bxf4 O-O 12. Qe2 Nbd7 13. Rae1 Re8 14. Nxf7
Kxf7 15. Qe6+ Kf8 16. g4 a6 17. g5 b5 18. Re3 Ne5 19. Bxe5 dxe5 20. g6 1-0

[Event "Milan Vidmar mem 14th"]
[Site "Portoroz "]
[Date "2001.07.05"]
[Round "3"]
[White "Kozul, Zdenko"]
[Black "Crisan, Alexandru"]
[Result "1-0"]
[WhiteElo "2556"]
[BlackElo "2635"]
[PlyCount "73"]
[EventDate "2001.07.03"]

1. d4 Nf6 2. c4 e6 3. Nc3 Bb4 4. e3 c5 5. Bd3 O-O 6. Nge2 d5 7. O-O dxc4 8.
Bxc4 Nc6 9. a3 cxd4 10. exd4 Bxc3 11. bxc3 Qa5 12. Ba2 Rd8 13. c4 b6 14. Bb2
Ba6 15. Re1 Qh5 16. Qa4 Bb7 17. d5 exd5 18. Bxf6 gxf6 19. cxd5 Ne5 20. Ng3 Qh6
21. Rad1 Kh8 22. h3 Rg8 23. Re3 a6 24. Qd4 Bc8 25. Qxb6 Bg4 26. Rde1 Nf3+ 27.
gxf3 Bxh3 28. Qd4 Rab8 29. d6 Qg7 30. Re7 Rgf8 31. Bc4 a5 32. d7 Rbd8 33. Bb5
f5 34. Qxg7+ Kxg7 35. Kh2 f4 36. Kxh3 fxg3 37. fxg3 1-0

[Event "Milan Vidmar mem 14th"]
[Site "Portoroz "]
[Date "2001.07.05"]
[Round "3"]
[White "Sermek, Drazen"]
[Black "Volokitin, Andrei"]
[Result "0-1"]
[WhiteElo "2570"]
[BlackElo "2551"]
[PlyCount "96"]
[EventDate "2001.07.03"]

1. e4 d6 2. d4 Nf6 3. Nc3 g6 4. g3 Bg7 5. Bg2 O-O 6. Nge2 e5 7. h3 Nc6 8. Be3
Bd7 9. O-O a6 10. a4 exd4 11. Nxd4 Re8 12. Re1 Qc8 13. Kh2 Re5 14. f4 Rh5 15.
f5 gxf5 16. Nd5 Nxd5 17. Qxh5 Nf6 18. Nxc6 bxc6 19. Qg5 fxe4 20. Bd4 Qd8 21.
Rxe4 h6 22. Bxf6 hxg5 23. Bxd8 Rxd8 24. c3 a5 25. Rd1 c5 26. Rd2 Bf6 27. Bf1
Rb8 28. Bc4 Kg7 29. Rf2 c6 30. h4 d5 31. Re1 gxh4 32. gxh4 Bxh4 33. Rg2+ Kf8
34. Rd1 Ke7 35. Bf1 Kd6 36. Kg1 Bf6 37. Bd3 Be5 38. Rf2 Be6 39. Rdd2 Rg8+ 40.
Rg2 Rh8 41. Rdf2 Rh4 42. Bf5 Rxa4 43. Bxe6 fxe6 44. Re2 Ra1+ 45. Kf2 a4 46. Rg5
Bf6 47. Rg6 Ke7 48. Rg1 Ra2 0-1

[Event "Milan Vidmar mem 14th"]
[Site "Portoroz "]
[Date "2001.07.05"]
[Round "3"]
[White "Mikhalchishin, Adrian"]
[Black "Macieja, Bartlomiej"]
[Result "1/2-1/2"]
[WhiteElo "2518"]
[BlackElo "2588"]
[PlyCount "21"]
[EventDate "2001.07.03"]

1. d4 Nf6 2. Nf3 e6 3. g3 b5 4. Bg2 Bb7 5. O-O c5 6. Bg5 d5 7. c3 Nbd7 8. a4 b4
9. a5 Rc8 10. cxb4 cxb4 11. Nbd2 1/2-1/2

[Event "Milan Vidmar mem 14th"]
[Site "Portoroz "]
[Date "2001.07.05"]
[Round "3"]
[White "Mohr, Georg"]
[Black "Gelfand, Boris"]
[Result "0-1"]
[WhiteElo "2484"]
[BlackElo "2704"]
[PlyCount "68"]
[EventDate "2001.07.03"]

1. e4 c5 2. Nf3 d6 3. Bb5+ Nd7 4. d4 Ngf6 5. Nc3 cxd4 6. Qxd4 e5 7. Qd3 h6 8.
Be3 Be7 9. O-O a6 10. Bc4 b5 11. Bb3 Bb7 12. Nd5 Bxd5 13. Bxd5 Nxd5 14. Qxd5
O-O 15. Qd3 Qc7 16. Nd2 Rac8 17. Rfc1 Nc5 18. Bxc5 Qxc5 19. c4 Bg5 20. b3 d5
21. exd5 f5 22. Rd1 e4 23. Qe2 Rce8 24. a3 e3 25. Nf1 bxc4 26. bxc4 exf2+ 27.
Qxf2 Qxc4 28. Ra2 Bd8 29. d6 Bb6 30. Qxb6 Qxa2 31. Qxa6 f4 32. Nd2 Qd5 33. Qc4
Rf5 34. Qc2 Re2 0-1

[Event "Milan Vidmar mem 14th"]
[Site "Portoroz "]
[Date "2001.07.06"]
[Round "4"]
[White "Crisan, Alexandru"]
[Black "Pavasovic, Dusko"]
[Result "0-1"]
[WhiteElo "2635"]
[BlackElo "2539"]
[PlyCount "68"]
[EventDate "2001.07.03"]

1. d4 g6 2. c4 Bg7 3. Nc3 c5 4. d5 Bxc3+ 5. bxc3 f5 6. g3 Nf6 7. Bg2 d6 8. h4
Qa5 9. Qc2 Nbd7 10. Nf3 Nb6 11. Nd2 Qa4 12. Qd3 Bd7 13. O-O O-O-O 14. Re1 Ng4
15. e4 Rhe8 16. f4 e5 17. dxe6 Rxe6 18. Nb3 Qxc4 19. Qxc4 Nxc4 20. e5 Bc6 21.
Bf1 Nb6 22. Ba3 dxe5 23. Nxc5 Ree8 24. fxe5 Nxe5 25. Red1 Nbc4 26. Rxd8+ Rxd8
27. Bxc4 Nxc4 28. Bc1 Rd1+ 29. Kf2 Rh1 30. Nb3 Rh2+ 31. Ke1 Ne5 32. Be3 Bd5 33.
Rd1 Nf3+ 34. Kf1 Bc4+ 0-1

[Event "Milan Vidmar mem 14th"]
[Site "Portoroz "]
[Date "2001.07.06"]
[Round "4"]
[White "Macieja, Bartlomiej"]
[Black "Mohr, Georg"]
[Result "1/2-1/2"]
[WhiteElo "2588"]
[BlackElo "2484"]
[PlyCount "56"]
[EventDate "2001.07.03"]

1. e4 e6 2. d4 d5 3. Nc3 Nf6 4. e5 Nfd7 5. Nce2 c5 6. c3 Nc6 7. f4 cxd4 8. cxd4
Nb6 9. Nf3 Bd7 10. Nc3 a5 11. Bd3 a4 12. O-O g6 13. g4 Nb4 14. Bb1 Nc4 15. a3
Nc6 16. Bc2 b5 17. f5 Be7 18. Kh1 Qb6 19. Ne2 O-O-O 20. Rb1 Kb7 21. Ng5 Rdf8
22. fxg6 fxg6 23. Rxf8 Bxf8 24. Nf7 Rg8 25. Nh6 Bxh6 26. Bxh6 Rc8 27. Qg1 N6a5
28. Bd3 b4 1/2-1/2

[Event "Milan Vidmar mem 14th"]
[Site "Portoroz "]
[Date "2001.07.06"]
[Round "4"]
[White "Volokitin, Andrei"]
[Black "Mikhalchishin, Adrian"]
[Result "1/2-1/2"]
[WhiteElo "2551"]
[BlackElo "2518"]
[PlyCount "30"]
[EventDate "2001.07.03"]

1. e4 e5 2. Nf3 Nf6 3. d4 Nxe4 4. dxe5 d5 5. Nbd2 Bf5 6. Nd4 Bg6 7. h4 Bc5 8.
N2b3 h5 9. Nxc5 Nxc5 10. Be3 Qd7 11. Nb5 Ne6 12. c4 a6 13. cxd5 axb5 14. dxe6
Qxe6 15. Bxb5+ c6 1/2-1/2

[Event "Milan Vidmar mem 14th"]
[Site "Portoroz "]
[Date "2001.07.06"]
[Round "4"]
[White "Kozul, Zdenko"]
[Black "Sermek, Drazen"]
[Result "1/2-1/2"]
[WhiteElo "2556"]
[BlackElo "2570"]
[PlyCount "144"]
[EventDate "2001.07.03"]

1. d4 d5 2. c4 dxc4 3. Nf3 c5 4. e3 cxd4 5. Bxc4 Qc7 6. Qb3 e6 7. exd4 Nf6 8.
O-O Nc6 9. Qd3 Be7 10. Nc3 a6 11. Bb3 O-O 12. Ne4 Nb4 13. Nxf6+ Bxf6 14. Qe4
Qc6 15. Qe2 b5 16. a3 Nd5 17. Ne5 Qd6 18. Rd1 Bb7 19. Bd2 Rac8 20. Re1 Rfe8 21.
Rad1 Rc7 22. Qg4 Qb6 23. h4 Bd8 24. Qg3 Nf6 25. Bh6 g6 26. Ng4 Ne4 27. Qf4 f5
28. Ne3 Rf7 29. Qh2 Bc7 30. Bf4 Bxf4 31. Qxf4 Qd6 32. Qxd6 Nxd6 33. Rc1 Kg7 34.
f3 Rd7 35. Rc5 Kf6 36. Kf2 Nf7 37. Nc2 Ree7 38. Rd1 Rd6 39. Ba2 Red7 40. b4 Nd8
41. Ke3 h5 42. Bb3 Re7 43. Ra1 Nc6 44. a4 f4+ 45. Kd3 Nxd4 46. Nxd4 Red7 47.
axb5 Rxd4+ 48. Kc3 Rd3+ 49. Kb2 Rd2+ 50. Rc2 axb5 51. Ra5 Bc6 52. Kc1 Rd1+ 53.
Kb2 R1d2 54. Kc1 Rd1+ 55. Kb2 R7d2 56. Ra6 Bd7 57. Ra7 Ke7 58. Kc3 Rd3+ 59. Kb2
R3d2 60. Kc3 Rd3+ 61. Kb2 Rd4 62. Rc6 R1d2+ 63. Rc2 Rd1 64. Rc6 Re1 65. Kc3 Rd6
66. Rxd6 Kxd6 67. Bc2 Rh1 68. Bxg6 Rxh4 69. Kd4 Rh2 70. Ra2 h4 71. Be4 e5+ 72.
Kc3 Be6 1/2-1/2

[Event "Milan Vidmar mem 14th"]
[Site "Portoroz "]
[Date "2001.07.07"]
[Round "5"]
[White "Sermek, Drazen"]
[Black "Crisan, Alexandru"]
[Result "1-0"]
[WhiteElo "2570"]
[BlackElo "2635"]
[PlyCount "75"]
[EventDate "2001.07.03"]

1. e4 c5 2. c3 Nf6 3. e5 Nd5 4. Nf3 e6 5. Bc4 d6 6. d4 cxd4 7. cxd4 Nc6 8. O-O
Be7 9. Qe2 Nb6 10. Bb3 d5 11. Nc3 a6 12. Rd1 Bd7 13. Qe3 Rc8 14. Qf4 h6 15. h4
Na5 16. Qg3 Kf8 17. Ne2 Nxb3 18. axb3 Bb5 19. Nf4 g5 20. Nh5 Be2 21. Re1 Bxf3
22. Qxf3 Nd7 23. Bd2 Qb6 24. Rec1 Rc6 25. Rxc6 bxc6 26. Qd3 Nb8 27. Nf6 Bxf6
28. exf6 Ke8 29. Ba5 Qb7 30. hxg5 hxg5 31. Qg3 Kd7 32. Qxg5 Qc8 33. Re1 Rg8 34.
Qh5 Qf8 35. Qh2 Qc8 36. Rxe6 fxe6 37. Qh7+ Kd6 38. Qe7# 1-0

[Event "Milan Vidmar mem 14th"]
[Site "Portoroz "]
[Date "2001.07.07"]
[Round "5"]
[White "Mikhalchishin, Adrian"]
[Black "Kozul, Zdenko"]
[Result "1/2-1/2"]
[WhiteElo "2518"]
[BlackElo "2556"]
[PlyCount "35"]
[EventDate "2001.07.03"]

1. d4 Nf6 2. Nf3 g6 3. c4 Bg7 4. g3 O-O 5. Bg2 d6 6. O-O c6 7. b3 Re8 8. Bb2
Qa5 9. Nbd2 Qh5 10. e4 Na6 11. e5 dxe5 12. Nxe5 Qxd1 13. Rfxd1 Nd7 14. Ndf3
Nxe5 15. Nxe5 Rd8 16. Bc3 Bxe5 17. dxe5 Bg4 18. f3 1/2-1/2

[Event "Milan Vidmar mem 14th"]
[Site "Portoroz "]
[Date "2001.07.07"]
[Round "5"]
[White "Beliavsky, Alexander G"]
[Black "Macieja, Bartlomiej"]
[Result "1-0"]
[WhiteElo "2659"]
[BlackElo "2588"]
[PlyCount "55"]
[EventDate "2001.07.03"]

1. d4 Nf6 2. c4 e6 3. Nf3 Bb4+ 4. Bd2 Qe7 5. g3 Nc6 6. Nc3 Bxc3 7. Bxc3 Ne4 8.
Rc1 O-O 9. Bg2 d6 10. d5 Nd8 11. Nd2 Nxc3 12. Rxc3 Bd7 13. O-O a5 14. f4 Rb8
15. Qc1 b6 16. Re3 e5 17. c5 f6 18. c6 Be8 19. Nf3 Bf7 20. Nd4 g6 21. Nb5 Kg7
22. fxe5 fxe5 23. Ref3 Re8 24. e4 Bg8 25. h4 h5 26. Rf6 Rc8 27. Qg5 Bh7 28. Bh3
1-0

[Event "Milan Vidmar mem 14th"]
[Site "Portoroz "]
[Date "2001.07.07"]
[Round "5"]
[White "Pavasovic, Dusko"]
[Black "Gelfand, Boris"]
[Result "1/2-1/2"]
[WhiteElo "2539"]
[BlackElo "2704"]
[PlyCount "36"]
[EventDate "2001.07.03"]

1. e4 c5 2. c3 Nf6 3. e5 Nd5 4. d4 cxd4 5. Nf3 Nc6 6. cxd4 d6 7. Bc4 Nb6 8. Bb3
dxe5 9. d5 Na5 10. Nc3 f6 11. O-O g6 12. Be3 Bg7 13. Bc5 Bg4 14. h3 Bxf3 15.
Qxf3 Nxb3 16. axb3 O-O 17. Rfd1 Qd7 18. d6 exd6 1/2-1/2

[Event "Milan Vidmar mem 14th"]
[Site "Portoroz "]
[Date "2001.07.08"]
[Round "6"]
[White "Macieja, Bartlomiej"]
[Black "Pavasovic, Dusko"]
[Result "1/2-1/2"]
[WhiteElo "2588"]
[BlackElo "2539"]
[PlyCount "115"]
[EventDate "2001.07.03"]

1. e4 e5 2. Nf3 Nf6 3. Nxe5 d6 4. Nf3 Nxe4 5. d4 d5 6. Bd3 Nc6 7. O-O Be7 8. c4
Nb4 9. Be2 O-O 10. Nc3 Be6 11. Ne5 c5 12. Nxe4 dxe4 13. d5 Bc8 14. a3 Na6 15.
f4 f6 16. Ng4 Bxg4 17. Bxg4 f5 18. Bh3 Bf6 19. Be3 Bxb2 20. Rb1 Bd4 21. Bxd4
cxd4 22. Qxd4 b6 23. d6 Qf6 24. Rfd1 Nc5 25. Qxf6 Rxf6 26. Rd5 Rd8 27. Bxf5
Rdxd6 28. Bg4 Rxd5 29. cxd5 Kf8 30. g3 Ke7 31. Rd1 b5 32. Rd4 Kd6 33. Kf2 Rf7
34. Be6 Re7 35. Bg8 g6 36. g4 a5 37. f5 gxf5 38. gxf5 Rg7 39. Be6 Rb7 40. Ke2
b4 41. axb4 axb4 42. f6 Nxe6 43. dxe6+ Kxe6 44. Rxe4+ Kxf6 45. Kd2 b3 46. Kc1
Kf5 47. Rc4 Re7 48. Rc3 Rb7 49. Rc4 Re7 50. Rc3 Re1+ 51. Kb2 Re2+ 52. Kxb3 Rxh2
53. Rc5+ Ke4 54. Rc4+ Kd5 55. Rc8 Re2 56. Kc3 Re7 57. Kd3 Ke6 58. Rf8 1/2-1/2

[Event "Milan Vidmar mem 14th"]
[Site "Portoroz "]
[Date "2001.07.08"]
[Round "6"]
[White "Volokitin, Andrei"]
[Black "Beliavsky, Alexander G"]
[Result "0-1"]
[WhiteElo "2551"]
[BlackElo "2659"]
[PlyCount "108"]
[EventDate "2001.07.03"]

1. e4 d6 2. d4 Nf6 3. Nc3 g6 4. Be3 c6 5. Qd2 b5 6. f3 Nbd7 7. g4 Nb6 8. h4 h5
9. g5 Nfd7 10. d5 Ne5 11. dxc6 Nbc4 12. Bxc4 Nxc4 13. Qd3 Bg7 14. Nge2 Ne5 15.
Qxb5 Nxf3+ 16. Kf2 Ne5 17. Nd5 O-O 18. Kg3 e6 19. c7 Qd7 20. Qxd7 Bxd7 21. Nf6+
Bxf6 22. gxf6 Ng4 23. Bg5 Rfc8 24. c4 Rxc7 25. Rac1 Rb7 26. Rc2 Rab8 27. b3 a5
28. Rd1 a4 29. b4 Rxb4 30. Rxd6 Be8 31. c5 Rc8 32. Rd4 Rxd4 33. Nxd4 e5 34. Nf3
Bc6 35. Rc4 Rb8 36. Rc3 Kf8 37. Nd2 Rd8 38. Kf3 Rd4 39. Rc2 Ke8 40. Rc4 Rd3+
41. Ke2 Ra3 42. Rb4 Rxa2 43. Rb8+ Kd7 44. Rf8 Ke6 45. Rd8 Bxe4 46. Rd6+ Kf5 47.
Rd7 Bc6 48. Rxf7 Bb5+ 49. Kf3 e4+ 50. Kg3 Ra3+ 51. Kg2 e3 52. Nf3 Ra2+ 53. Kg3
Bf1 54. Ne1 Rh2 0-1

[Event "Milan Vidmar mem 14th"]
[Site "Portoroz "]
[Date "2001.07.08"]
[Round "6"]
[White "Kozul, Zdenko"]
[Black "Mohr, Georg"]
[Result "1/2-1/2"]
[WhiteElo "2556"]
[BlackElo "2484"]
[PlyCount "38"]
[EventDate "2001.07.03"]

1. d4 Nf6 2. c4 g6 3. Nc3 Bg7 4. e4 d6 5. Nf3 O-O 6. Be2 e5 7. O-O c6 8. Re1
exd4 9. Nxd4 Re8 10. Bf1 Ng4 11. h3 Qb6 12. hxg4 Qxd4 13. g5 Qxd1 14. Rxd1 Be5
15. Be3 Nd7 16. Rac1 f6 17. gxf6 Nxf6 18. f3 h5 19. b3 Nh7 1/2-1/2

[Event "Milan Vidmar mem 14th"]
[Site "Portoroz "]
[Date "2001.07.08"]
[Round "6"]
[White "Sermek, Drazen"]
[Black "Mikhalchishin, Adrian"]
[Result "1/2-1/2"]
[WhiteElo "2570"]
[BlackElo "2518"]
[PlyCount "34"]
[EventDate "2001.07.03"]

1. e4 c6 2. d4 d5 3. exd5 cxd5 4. c4 Nf6 5. Nc3 e6 6. Nf3 Bb4 7. cxd5 Nxd5 8.
Bd2 Nc6 9. Bd3 O-O 10. O-O Be7 11. Nxd5 exd5 12. Qb3 Bf6 13. Rac1 Be6 14. Qxb7
Nxd4 15. Nxd4 Bxd4 16. Bc3 Bxc3 17. bxc3 Qb6 1/2-1/2

[Event "Milan Vidmar mem 14th"]
[Site "Portoroz "]
[Date "2001.07.09"]
[Round "7"]
[White "Mikhalchishin, Adrian"]
[Black "Crisan, Alexandru"]
[Result "1/2-1/2"]
[WhiteElo "2518"]
[BlackElo "2635"]
[PlyCount "57"]
[EventDate "2001.07.03"]

1. Nf3 Nf6 2. c4 e6 3. Nc3 Bb4 4. g3 b6 5. Bg2 Bb7 6. d3 O-O 7. Bd2 c5 8. O-O
d5 9. cxd5 exd5 10. a3 Bxc3 11. Bxc3 Nbd7 12. b4 d4 13. Bd2 Re8 14. Re1 h6 15.
Rb1 Bd5 16. bxc5 Nxc5 17. Rb4 Bxf3 18. Bxf3 Rc8 19. a4 Qd7 20. Qa1 Ne6 21. a5
b5 22. a6 Rc2 23. Rb2 Rec8 24. Bb7 R8c5 25. Bb4 Rc7 26. Ba5 R7c5 27. Bb4 Rc7
28. Ba5 R7c5 29. Bb4 1/2-1/2

[Event "Milan Vidmar mem 14th"]
[Site "Portoroz "]
[Date "2001.07.09"]
[Round "7"]
[White "Beliavsky, Alexander G"]
[Black "Kozul, Zdenko"]
[Result "1-0"]
[WhiteElo "2659"]
[BlackElo "2556"]
[PlyCount "119"]
[EventDate "2001.07.03"]

1. d4 Nf6 2. c4 g6 3. Nc3 Bg7 4. e4 d6 5. Nf3 O-O 6. Be2 e5 7. O-O Na6 8. Re1
c6 9. Bf1 Bg4 10. d5 Nb4 11. Be2 a5 12. Bg5 Na6 13. Qc2 Qc7 14. h3 Bd7 15. Nd2
Kh8 16. a3 Ng8 17. Rab1 c5 18. Nb5 Qb6 19. Nf1 f5 20. exf5 gxf5 21. Ng3 f4 22.
Ne4 Bxb5 23. cxb5 Nc7 24. Nd2 Ne8 25. Nc4 Qc7 26. b6 Qf7 27. Bg4 Bf6 28. Be6
Qg7 29. Bxf6 Rxf6 30. g4 Ne7 31. f3 Ng6 32. Rbd1 Qe7 33. Bf5 Nh4 34. Be4 Rh6
35. Kf2 Nf6 36. Rh1 Nd7 37. Rdg1 Qg5 38. Qa4 Qe7 39. Ke2 Rf6 40. Kd1 Rff8 41.
Qc2 h6 42. a4 Kg7 43. Rh2 Ra6 44. Qb3 Nf6 45. Re2 Nxe4 46. Rxe4 Qd8 47. Kc1 Ng6
48. Re2 Ne7 49. h4 Nc8 50. h5 Kh8 51. g5 hxg5 52. Reg2 Rg8 53. Qc2 Qf6 54. Nd2
Nxb6 55. Ne4 Qe7 56. Nxg5 Raa8 57. Qf5 Rgf8 58. Qe6 Qf6 59. Ne4 Qxe6 60. dxe6
1-0

[Event "Milan Vidmar mem 14th"]
[Site "Portoroz "]
[Date "2001.07.09"]
[Round "7"]
[White "Pavasovic, Dusko"]
[Black "Volokitin, Andrei"]
[Result "1/2-1/2"]
[WhiteElo "2539"]
[BlackElo "2551"]
[PlyCount "167"]
[EventDate "2001.07.03"]

1. e4 d6 2. d4 Nf6 3. Nc3 g6 4. Be3 c6 5. h3 Bg7 6. f4 Nbd7 7. Qf3 Qa5 8. Bd3
e5 9. Nge2 exd4 10. Nxd4 O-O 11. O-O a6 12. Nb3 Qc7 13. a4 b6 14. Qf2 c5 15.
Nd2 Bb7 16. Rae1 Rfe8 17. Qh4 d5 18. exd5 Nxd5 19. Nxd5 Bxd5 20. c3 Qc6 21. Bc2
Bxg2 22. Rf2 Bd5 23. c4 Bh1 24. Bd1 Bd4 25. Qg3 Nf6 26. Kh2 Rxe3 27. Rxe3 Bxe3
28. Qxe3 Re8 29. Qc3 Ne4 30. Nxe4 Bxe4 31. a5 bxa5 32. Qxa5 Qd6 33. Qd2 Qf6 34.
Qe3 Bc6 35. Qxc5 Re1 36. Be2 Rh1+ 37. Kg3 h5 38. Bf3 Bxf3 39. Rxf3 Qxb2 40. Qf2
h4+ 41. Kg2 Qxf2+ 42. Rxf2 Rc1 43. Ra2 Rxc4 44. Kf3 Rc6 45. Kg4 Rf6 46. Ra4 Kf8
47. Kxh4 Ke7 48. Kg4 Kd7 49. h4 Kc7 50. f5 Kb6 51. fxg6 fxg6 52. Kg5 Rd6 53.
Rb4+ Kc5 54. Rb1 a5 55. Rc1+ Kb4 56. Rb1+ Kc4 57. Rc1+ Kb3 58. Rb1+ Kc4 59.
Rc1+ Kb5 60. Rb1+ Ka6 61. Ra1 Re6 62. Ra2 Kb5 63. Rb2+ Kc4 64. Ra2 Kb4 65. Rb2+
Kc5 66. Rc2+ Kd4 67. Rd2+ Ke3 68. Ra2 Ra6 69. Ra4 Kf3 70. Rf4+ Ke3 71. Ra4 Kd3
72. Kh6 Kc3 73. Kg5 Kb3 74. Rxa5 Rxa5+ 75. Kxg6 Kc4 76. h5 Kd5 77. h6 Ra6+ 78.
Kg7 Ra7+ 79. Kg6 Ke6 80. h7 Ra2 81. h8=Q Rg2+ 82. Kh7 Rh2+ 83. Kg8 Rxh8+ 84.
Kxh8 1/2-1/2

[Event "Milan Vidmar mem 14th"]
[Site "Portoroz "]
[Date "2001.07.09"]
[Round "7"]
[White "Gelfand, Boris"]
[Black "Macieja, Bartlomiej"]
[Result "1/2-1/2"]
[WhiteElo "2704"]
[BlackElo "2588"]
[PlyCount "236"]
[EventDate "2001.07.03"]

1. d4 Nf6 2. c4 g6 3. Nc3 d5 4. cxd5 Nxd5 5. e4 Nxc3 6. bxc3 Bg7 7. Nf3 c5 8.
Rb1 O-O 9. Be2 cxd4 10. cxd4 Qa5+ 11. Bd2 Qxa2 12. O-O Bg4 13. Bg5 h6 14. Be3
Nc6 15. d5 Na5 16. Bc5 Bf6 17. e5 Bxe5 18. Rb4 Bxf3 19. Bxf3 Rae8 20. Be3 Nc4
21. Bxh6 Nd6 22. h4 Rc8 23. h5 Qc2 24. hxg6 Qxd1 25. Rxd1 f5 26. Bxf8 Kxf8 27.
Ra4 b5 28. Rxa7 b4 29. Rb1 Rb8 30. Rb3 Bc3 31. Rc7 Ra8 32. Rb1 Rd8 33. Be2 Ne8
34. Ra7 Nd6 35. Bd3 Rc8 36. Kf1 Rc5 37. g7+ Bxg7 38. Rxb4 Rxd5 39. Bc2 Bf6 40.
Bb3 Rc5 41. g4 Kg7 42. gxf5 Rxf5 43. Ra8 Kh6 44. Rg8 Rb5 45. Rxb5 Nxb5 46. Bc2
Bg7 47. Kg2 Nd4 48. Bb1 Ne6 49. Kg3 Nd4 50. Kg4 Ne6 51. Kf3 Ng5+ 52. Ke3 Bf6
53. Rg6+ Kh5 54. f4 Ne6 55. Rg2 Kh6 56. Ke4 Kh5 57. Kf3 Kh6 58. Bf5 Nc5 59.
Rg6+ Kh5 60. Rg8 Nb7 61. Rg1 Kh6 62. Ke3 Nd6 63. Bc2 Kh5 64. Bd3 Kh6 65. Rg2
Kh5 66. Kd2 Kh6 67. Kc2 Kh5 68. Kb3 Bd4 69. Kb4 Be3 70. f5 Bd4 71. Rg6 Kh4 72.
Bc2 Bf6 73. Kc5 Nf7 74. Rg1 Kh3 75. Be4 Kh2 76. Rg2+ Kh3 77. Bd5 Nh6 78. Rg6
Ng4 79. Bc4 Ne5 80. Rg8 Nf3 81. Bf1+ Kh4 82. Rg2 Nd4 83. Bd3 Kh3 84. Ra2 Kg3
85. Kd5 Kf4 86. Ra4 Ke3 87. Bb1 Nb5 88. Rb4 Nd4 89. Rb6 Bg7 90. Rg6 Bf6 91. Rg4
Nb5 92. Bc2 Nd4 93. Bb1 Nb5 94. Kc5 Nc3 95. Bc2 Ne2 96. Kc4 Nc3 97. Rg3+ Kf4
98. Rg1 Ke3 99. Bd3 Kf4 100. Re1 Na4 101. Re4+ Kf3 102. Bc2 Nb6+ 103. Kc5 Nd7+
104. Kd5 Nf8 105. Bd1+ Kg3 106. Rg4+ Kf2 107. Rf4+ Ke3 108. Rf3+ Kd2 109. Ba4
Nh7 110. Bb5 Ng5 111. Rg3 Nf7 112. Rd3+ Ke1 113. Be8 Ke2 114. Ra3 Nd6 115. Bh5+
Kd2 116. Ke6 Nb5 117. Ra5 Nd4+ 118. Kf7 Ke3 1/2-1/2

[Event "Milan Vidmar mem 14th"]
[Site "Portoroz "]
[Date "2001.07.10"]
[Round "8"]
[White "Crisan, Alexandru"]
[Black "Macieja, Bartlomiej"]
[Result "0-1"]
[WhiteElo "2635"]
[BlackElo "2588"]
[PlyCount "88"]
[EventDate "2001.07.03"]

1. d4 d6 2. c4 e5 3. dxe5 dxe5 4. Qxd8+ Kxd8 5. Nf3 f6 6. Nc3 Be6 7. e4 c6 8.
Be3 Nd7 9. Be2 Ne7 10. O-O-O Nc8 11. Na4 Kc7 12. Nd2 Ncb6 13. Nxb6 axb6 14. a3
Bc5 15. Kc2 Rhd8 16. Nb1 Bf7 17. b4 Bxe3 18. fxe3 Bg6 19. Bf3 f5 20. exf5 Bxf5+
21. Kb2 Bxb1 22. Rxb1 e4 23. Be2 Ne5 24. Rbd1 Rxd1 25. Rxd1 Rf8 26. Kc3 Rf2 27.
Kd4 Nd7 28. Bf1 Nf6 29. h3 Nh5 30. c5 bxc5+ 31. bxc5 Ng3 32. Bc4 Rxg2 33. Ke5
Rc2 34. Rg1 Rxc4 35. Rxg3 g6 36. Kf4 Rxc5 37. Kxe4 Kd6 38. Rf3 Rc4+ 39. Kd3 b5
40. Rg3 Ra4 41. Rg5 Rxa3+ 42. Ke4 Ra4+ 43. Kd3 c5 44. e4 Ra3+ 0-1

[Event "Milan Vidmar mem 14th"]
[Site "Portoroz "]
[Date "2001.07.10"]
[Round "8"]
[White "Kozul, Zdenko"]
[Black "Pavasovic, Dusko"]
[Result "1-0"]
[WhiteElo "2556"]
[BlackElo "2539"]
[PlyCount "95"]
[EventDate "2001.07.03"]

1. c4 e6 2. Nf3 d5 3. b3 Nf6 4. g3 c5 5. Bg2 d4 6. O-O Nc6 7. e3 Bd6 8. exd4
cxd4 9. d3 O-O 10. Bg5 h6 11. Bxf6 Qxf6 12. a3 a5 13. Ne1 e5 14. Nd2 Qe7 15.
Nc2 f5 16. Re1 Bd7 17. Bd5+ Kh8 18. Qh5 Qf6 19. Rab1 Rae8 20. b4 e4 21. dxe4 d3
22. Ne3 f4 23. Nf5 fxg3 24. hxg3 axb4 25. Nxd6 Qxd6 26. axb4 Nxb4 27. Re3 Qf6
28. Nf3 d2 29. e5 Qf5 30. Qxf5 Bxf5 31. Rd1 Bg4 32. Rxd2 Nxd5 33. cxd5 Rxf3 34.
Re1 g5 35. Rd4 Bc8 36. Rc4 g4 37. e6 Rf6 38. Rxg4 Bxe6 39. Rge4 Kg7 40. dxe6
Kf8 41. Kg2 Ke7 42. Rb4 Rxe6 43. Rxe6+ Kxe6 44. Rb6+ Kd5 45. Rxb7 Re6 46. Rb1
Rc6 47. Re1 Rg6 48. Kh3 1-0